Dual rate and DCF techniques of mineral valuation (Record no. 2577)

MARC details
000 -LEADER
fixed length control field 00993cab a2200205 4500
001 - CONTROL NUMBER
control field ABS37419
008 - FIXED-LENGTH DATA ELEMENTS--GENERAL INFORMATION
fixed length control field 090401t1987 xxu||||| |||| 00| 0 eng d
035 ## - SYSTEM CONTROL NUMBER
System control number (Sirsi) u4298
041 ## - LANGUAGE CODE
Language code of text/sound track or separate title eng
100 ## - MAIN ENTRY--PERSONAL NAME
Personal name Hellewell, E.G.
245 ## - TITLE STATEMENT
Title Dual rate and DCF techniques of mineral valuation
260 ## - PUBLICATION, DISTRIBUTION, ETC.
Date of publication, distribution, etc. 1987
350 ## - PRICE (NR) (BK AM CF MU VM SE) [OBSOLETE]
Price 0
490 ## - SERIES STATEMENT
Series statement Land & Minerals Surveying
Volume/sequential designation 5 (2) February 1987, 76-84 (9)
520 ## - SUMMARY, ETC.
Summary, etc. This paper considers the strengths and weaknesses of two approaches to the investment method of mineral valuation : dual rate and discounted cash flow . This is done by first examining the two different investment models on which each technique is based,before analysing whether it satisfies the criteria of the respective financial model. Also discusses the extent to which each model can accurately represent a mineral investment or an investment alternative. References.
650 ## - SUBJECT ADDED ENTRY--TOPICAL TERM
Topical term or geographic name entry element MINERAL VALUATION
690 ## - LOCAL SUBJECT ADDED ENTRY--TOPICAL TERM (OCLC, RLIN)
Topical term or geographic name as entry element MINING AND MINERALS
942 ## - ADDED ENTRY ELEMENTS (KOHA)
Suppress in OPAC 0
948 ## - LOCAL PROCESSING INFORMATION (OCLC); SERIES PART DESIGNATOR (RLIN)
c (OCLC) 04/03/1997
Holdings
Withdrawn status Lost status Source of classification or shelving scheme Damaged status Not for loan Home library Current library Shelving location Date acquired Total Checkouts Full call number Barcode Date last seen Copy number Price effective from Koha item type
    Dewey Decimal Classification     London London Journal article 14/09/1999   ABS37419 4298-1001 06/08/2019 1 06/08/2019 Journal article